[Event "IND-ch U15"]
[Site "Sangli"]
[Date "2023.11.26"]
[Round "5"]
[White "Chavan, Aditya"]
[Black "Sharma, Sai"]
[Result "1/2-1/2"]
[WhiteElo "1389"]
[BlackElo "1553"]
[PlyCount "100"]
[EventDate "2023.11.25"]
[EventType "swiss"]
[EventRounds "8"]
[EventCountry "IND"]
[SourceTitle "EXT 2025"]
[Source "ChessBase"]
[SourceDate "2024.10.14"]
[SourceVersion "1"]
[SourceVersionDate "2024.10.14"]
[SourceQuality "1"]

1. e4 c5 2. Nf3 d6 3. d4 cxd4 4. Nxd4 Nf6 5. Nc3 a6 6. Bg5 e6 7. f4 Be7 8. Qf3 Qc7 9. 0-0-0 Nbd7 10. Bd3 b5 11. Kb1 Bb7 12. Rhe1 b4 13. Nce2 0-0-0 14. Nc1 Nc5 15. Bxf6 Bxf6 16. Ndb3 Na4 17. Qf1 Nxb2 18. Bxa6 Nxd1 19. Rxd1 Rd7 20. e5 Be7 21. Qb5 Bxa6 22. Qxa6+ Qb7 23. Qxb7+ Rxb7 24. exd6 Rd7 25. Rd4 Bxd6 26. Nd3 Be7 27. Re4 Rhd8 28. Nxb4 Rd1+ 29. Kb2 Bxb4 30. Rxb4 Rg1 31. g3 Rg2 32. a4 Rd7 33. a5 Rb7 34. Rc4+ Kb8 35. Ka3 Rc7 36. Rb4+ Ka8 37. c4 Rb7 38. Rb6 Rc2 39. c5 Rc4 40. Rd6 Rc3 41. Rb6 Rc4 42. Rd6 Rc3 43. Rb6 Rxb6 44. axb6 Kb7 45. Kb4 Rc2 46. Na5+ Ka6 47. b7 Ka7 48. c6 Kb8 49. h4 Rg2 50. Kb5 Kc7 1/2-1/2